Normal view
MARC view
- Velasco Mancera, Luis Roberto
Entry Nombre Personal
001 - NUMERO DE CONTROL
- campo de control: 33904
003 - IDENTIFICADOR DE NUMERO DE CONTROL
- campo de control: UPN
005 - FECHA Y HORA DE LA ÜLTIMA TRANSACCIÓN
- campo de control: 20210219194447.0
008 - DATOS DE LONGITUD FIJA
- campo de control de longitud fija: nabaccnnaabn|||||||||| b |nc|||||d
035 ## - NUMERO DE CONTROL
- Número de control: UPN11000006011
040 ## - FUENTE DE CATALOGACIÓN
- Lenguaje de catalogación: SPA
- Agencia de transcripción: UPN
100 1# - ENCABEZAMIENTO - NOMBRE PERSONAL
- Nombre personal: Velasco Mancera, Luis Roberto
670 ## - FUENTE EN LA QUE SE LOCALIZARON DATOS
- Cita de la fuente: T
- Uniform Resource Identifier: http://alvaro-obregon-distrito-federal.infoisinfo.com.mx/ficha/velasco_mancera_luis_roberto_dr/1280160
680 ## - NOTA PUBLICA DE ACCESO PÚBLICO
- Frase explicativa de la referencia: Odontólogo mexicano
902 ## - CATALOGADOR
- Catalogador: CAA/140813
